000 00706nam a2200205Ii 4500
003 JO-AjNU
008 230605s9999||||xx |||||||||||||| ||und||
040 _aJO-AjNU
_bara
_erda
_cJO-AjNU
041 _aara
050 1 4 _aPF3065.N3248 2005
100 3 _aإعداد نادر، جمال,
_eauthor
_939519
245 0 0 _aتعلم اللغة الألمانية وقواعدها بدون معلم
250 _aط1
264 3 1 _aعمان: دار الاسراء، 2005
300 _a95ص
_bيشتمل على جداول
336 _atext
_btxt
_2rdacontent
337 _aunmediated
_bn
_2rdamedia
338 _avolume
_bnc
_2rdacarrier
650 4 _aاللغة الألمانية - تعلم وتعليم
_939520
999 _aA16697
_c20265
_d20265